[Event "URU-chT Provinces"]
[Site "Montevideo"]
[Date "2017.08.25"]
[Round "1.3"]
[White "Durante, Aurelio"]
[Black "Dutra, Carmelo"]
[Result "1-0"]
[WhiteElo "2031"]
[BlackElo "1417"]
[PlyCount "49"]
[EventDate "2017.08.25"]
[EventType "team-swiss"]
[EventRounds "5"]
[EventCountry "URU"]
[SourceTitle "EXT 2019"]
[Source "ChessBase"]
[SourceDate "2018.10.10"]
[SourceVersion "1"]
[SourceVersionDate "2018.10.10"]
[SourceQuality "1"]
[WhiteTeam "Canelones"]
[BlackTeam "Maldonado II"]
[WhiteTeamCountry "URU"]
[BlackTeamCountry "URU"]

1. e4 c5 2. Nf3 e6 3. c3 Nf6 4. e5 Nd5 5. Bc4 Nb6 6. Bb3 Nc6 7. 0-0 Be7 8. d4 cxd4 9. cxd4 Qc7 10. Nc3 a6 11. Be3 0-0 12. Rc1 Qd8 13. d5 Nxd5 14. Nxd5 exd5 15. Qxd5 d6 16. exd6 Qxd6 17. Qh5 g6 18. Qh6 Qf6 19. Rxc6 Qg7 20. Qxg7+ Kxg7 21. Bd4+ Kg8 22. Rc7 Bd6 23. Rxf7 Rxf7 24. Ng5 Kf8 25. Nxf7 1-0